| Tag |
First Indicator |
Second Indicator |
Subfields |
| LEADER |
00000pam a2200000 a 4500 |
| 001 |
in00000501521 |
| 005 |
20151013064643.0 |
| 008 |
830603s1983 ne a b 10100 eng |
| 010 |
|
|
|a 83011609
|
| 020 |
|
|
|a 0444804854 (U.S.)
|
| 035 |
|
|
|a (OCoLC)09622267
|
| 035 |
|
|
|9 ACD7255AM
|
| 039 |
0 |
|
|a 2
|b 3
|c 3
|d 3
|e 3
|
| 040 |
|
|
|a DLC
|c DLC
|d TXA
|d UtOrBLW
|
| 049 |
|
|
|a TXAM
|c [776565]
|
| 050 |
0 |
0 |
|a QP383.5
|b .S65 1983
|
| 060 |
|
0 |
|a W1 RE 232GL v. 8
|a WL 102 S6925
|
| 082 |
0 |
|
|a 599/.0188
|2 19
|
| 245 |
0 |
0 |
|a Somatosensory integration in the thalamus :
|b a reevaluation based on the new methodological approaches /
|c edited by Giorgio Macchi, Aldo Rustioni, Roberto Spreafico.
|
| 264 |
|
1 |
|a Amsterdam ;
|a New York :
|b Elsevier Science Publishers ;
|c 1983.
|
| 264 |
|
2 |
|a New York :
|b Sole distributor for the U.S.A. and Canada, Elsevier Science Pub. Co.,
|
| 300 |
|
|
|a xii, 396 pages :
|b illustrations ;
|c 27 cm.
|
| 336 |
|
|
|a text
|b txt
|2 rdacontent
|
| 337 |
|
|
|a unmediated
|b n
|2 rdamedia
|
| 338 |
|
|
|a volume
|b nc
|2 rdacarrier
|
| 500 |
|
|
|a Proceedings of a symposium held in Milan, Italy, in March 1982, and sponsored by the International Brain Research Organization.
|
| 504 |
|
|
|a Includes bibliographies and index.
|
| 650 |
|
0 |
|a Thalamus
|x Congresses.
|
| 650 |
|
0 |
|a Afferent pathways
|v Congresses.
|
| 650 |
|
0 |
|a Senses and sensation
|v Congresses.
|
| 650 |
|
2 |
|a Nervous System Physiological Phenomena.
|
| 650 |
|
2 |
|a Muscles
|x physiology.
|
| 650 |
|
2 |
|a Action Potentials.
|
| 650 |
|
2 |
|a Neuromuscular Junction
|x physiology.
|
| 650 |
|
2 |
|a Muscles
|x innervation.
|
| 700 |
1 |
|
|a Macchi, Giorgio.
|
| 700 |
1 |
|
|a Rustioni, Aldo.
|
| 700 |
1 |
|
|a Spreafico, Roberto.
|
| 710 |
2 |
|
|a International Brain Research Organization.
|
| 999 |
|
|
|a MARS
|
| 999 |
f |
f |
|s eab5ff66-0162-3a34-9c3c-07dbbda2a416
|i 73715ca2-05d7-3ca9-a322-0d86ac7fee46
|t 0
|
| 952 |
f |
f |
|p ric
|a Texas A&M University
|b Rellis Campus
|c Joint Library Facility
|d Remote Storage
|t 0
|e QP383.5 .S65 1983
|h Library of Congress classification
|i unmediated -- volume
|m A14807676697
|
| 998 |
f |
f |
|a QP383.5 .S65 1983
|t 0
|l Remote Storage
|